| 000 | 00000nam##2200000za#4500 |
| 001 | 9.642893 |
| 003 | CaOODSP |
| 005 | 20210624223923 |
| 007 | cr ||||||||||| |
| 008 | 150407|2008||||xxc|||||o f|0| 0 fre|d |
| 040 | |aCaOODSP|bfre |
| 043 | |an-cn--- |
| 086 | 1 |aEn84-101/2008F-PDF |
| 110 | 1 |aCanada. |bEnvironnement Canada. |
| 245 | 10|aDéclaration conjointe de coopération pour l'écosystème du bassin de Georgia et de Puget Sound : |h[ressource électronique]|bplan d'action 2008-2010 - initiatives de la mer des Salish / |
| 246 | 17|aDéclaration conjointe de coopération EC‐ US EPA – plan d’action 2008‐2010 – initiatives relatives à la mer des Salish |
| 260 | |aOttawa - Ontario : |bEnvironnement Canada |cNovembre 2008. |
| 300 | |a18p. |
| 590 | |a14-08-Supp|b2014-04-10 |
| 691 | 07|aProtection de l'environnement|2gcpds |
| 775 | 08|tJoint Statement of Cooperation on the Georgia Basin and Puget Sound ecosystem : |w(CaOODSP)9.698877 |
| 856 | 40|ahttp://publications.gc.ca|qPDF|s210 Ko|uhttps://publications.gc.ca/collections/collection_2014/ec/En84-101-2008-fra.pdf |